[Event "Santiago IRT 2 Escalerilla"]
[Site "Santiago de Chile"]
[Date "2018.07.09"]
[Round "2.3"]
[White "Morales Garcia, Hugo"]
[Black "Cosoi Scherzer, Alejandro"]
[Result "1-0"]
[WhiteElo "1812"]
[BlackElo "1954"]
[PlyCount "145"]
[EventDate "2018.07.05"]
[EventType "swiss"]
[EventRounds "6"]
[EventCountry "CHI"]
[SourceTitle "EXT 2024"]
[Source "ChessBase"]
[SourceDate "2023.10.10"]
[SourceVersion "1"]
[SourceVersionDate "2023.10.10"]
[SourceQuality "1"]

1. Nf3 d5 2. b3 Nf6 3. Bb2 e6 4. e3 Be7 5. Ne5 0-0 6. Be2 c5 7. 0-0 b6 8. f4 Bb7 9. d3 Nc6 10. Nd2 Nd7 11. d4 cxd4 12. Nxc6 Bxc6 13. exd4 Nf6 14. Rf3 Ne4 15. Bd3 f5 16. Rh3 Bd6 17. g3 Rc8 18. Nf3 Rc7 19. Bxe4 fxe4 20. Ng5 g6 21. Qg4 Rf6 22. Qh4 h5 23. Nxe6 Qe7 24. Nxc7 Bxc7 25. Qg5 Qg7 26. f5 Rxf5 27. Qd2 Qf6 28. c4 Rf3 29. Qg2 Bd7 30. Rh4 g5 31. Rxh5 Bg4 32. Rh3 Bxh3 33. Qxh3 Qf7 34. Qg4 Qf5 35. Qxf5 Rxf5 36. Rf1 Rf3 37. Rxf3 exf3 38. Bc1 g4 39. cxd5 Kf7 40. Kf2 Kf6 41. Ba3 Bd8 42. Bd6 Kf5 43. Be5 Ke4 44. d6 b5 45. a3 a6 46. Bg7 Kd5 47. Bf8 Bb6 48. h4 Bxd4+ 49. Kf1 Ke6 50. h5 Kf7 51. d7 Bf6 52. Bc5 Bd8 53. Kf2 Kg7 54. Be3 Kf7 55. Ke1 Ke6 56. Bd4 Kf7 57. Kf2 Kg8 58. Ke3 Bg5+ 59. Ke4 Kf7 60. Kf5 Bd8 61. Kxg4 Kg8 62. Kxf3 Kh7 63. Be5 a5 64. g4 a4 65. b4 Kg8 66. g5 Kh7 67. Ke4 Kg8 68. Kf5 Kf7 69. Bd4 Kg8 70. Bf6 Bxf6 71. Kxf6 Kh7 72. h6 Kg8 73. d8Q+ 1-0

[Event "Santiago IRT 2 Escalerilla"]
[Site "Santiago de Chile"]
[Date "2018.07.05"]
[Round "1.9"]
[White "Campos Zambrano, Alexis Andres"]
[Black "Morales Garcia, Hugo"]
[Result "0-1"]
[WhiteElo "1642"]
[BlackElo "1812"]
[PlyCount "80"]
[EventDate "2018.07.05"]
[EventType "swiss"]
[EventRounds "6"]
[EventCountry "CHI"]
[SourceTitle "EXT 2024"]
[Source "ChessBase"]
[SourceDate "2023.10.10"]
[SourceVersion "1"]
[SourceVersionDate "2023.10.10"]
[SourceQuality "1"]

1. Nf3 c5 2. c4 Nf6 3. Nc3 g6 4. g3 Bg7 5. Bg2 Nc6 6. 0-0 0-0 7. d3 a6 8. Be3 d6 9. d4 Ng4 10. d5 Na5 11. Nd2 Nxe3 12. fxe3 Qb6 13. Qc2 Bf5 14. e4 Bd4+ 15. Kh1 Bd7 16. b3 Qb4 17. Rac1 b5 18. a3 Qxa3 19. Ra1 Qb4 20. Na2 Qa3 21. Nc3 Qb4 22. Na2 Qxd2 23. Qxd2 Nxb3 24. Qd3 bxc4 25. Qxc4 Nxa1 26. Nc3 Nc2 27. Rc1 Ne3 28. Qd3 Rfb8 29. Rb1 Bb5 30. Nxb5 axb5 31. h4 b4 32. Bh3 Ra2 33. Bd7 Rba8 34. Bb5 R8a3 35. Rb3 Ra1+ 36. Kh2 Ng4+ 37. Kg2 Rg1+ 38. Kh3 Nf2+ 39. Kh2 Nxd3 40. Rxd3 Rxd3 0-1

[Event "CHI-ch sf Centro"]
[Site "Santiago de Chile"]
[Date "2014.01.22"]
[Round "1"]
[White "Jorquera Cahuin, Marcelo Joaquin"]
[Black "Morales Garcia, Hugo"]
[Result "1-0"]
[WhiteElo "2326"]
[BlackElo "1951"]
[PlyCount "89"]
[EventDate "2014.01.22"]
[EventType "swiss"]
[EventRounds "7"]
[EventCountry "CHI"]
[SourceTitle "CBM 158 Extra"]
[Source "ChessBase"]
[SourceDate "2014.02.28"]
[SourceVersion "1"]
[SourceVersionDate "2014.02.28"]
[SourceQuality "1"]

1. e4 c5 2. Nc3 Nc6 3. g3 g6 4. Bg2 Bg7 5. d3 Nf6 6. Be3 d6 7. h3 Bd7 8. Qd2 a6 9. a4 Qa5 10. Nge2 e6 11. 0-0 Qc7 12. d4 cxd4 13. Nxd4 Ne5 14. b3 Rc8 15. Nde2 Bc6 16. Rfd1 Ke7 17. a5 Ned7 18. Bh6 Bxh6 19. Qxh6 Nc5 20. Qe3 e5 21. f4 Ncd7 22. Kh2 h5 23. Rd2 h4 24. g4 exf4 25. Qxf4 Rcg8 26. Rad1 Ne8 27. Kh1 g5 28. Qe3 Qxa5 29. Nd4 Kd8 30. Nf5 Qc5 31. Rd4 Rg6 32. Qd2 Kc7 33. b4 Qe5 34. Nd5+ Kb8 35. Nde7 Re6 36. Qxg5 f6 37. Nxc6+ bxc6 38. Qe3 Kc7 39. Rc4 c5 40. Nd4 Re7 41. bxc5 Nxc5 42. Nb3 Kc6 43. Rd5 Qg3 44. Rcxc5+ dxc5 45. Qxc5+ 1-0

[Event "Santiago Endesa op 1st"]
[Site "Santiago de Chile"]
[Date "2009.05.14"]
[Round "8"]
[White "Caurapan Osses, Jaime"]
[Black "Morales Garcia, Hugo"]
[Result "1-0"]
[WhiteElo "2167"]
[BlackElo "2064"]
[PlyCount "66"]
[EventDate "2009.04.21"]
[EventType "swiss"]
[EventRounds "9"]
[EventCountry "CHI"]
[SourceTitle "EXT 2012"]
[Source "ChessBase"]
[SourceDate "2011.11.24"]
[SourceVersion "1"]
[SourceVersionDate "2011.11.24"]
[SourceQuality "1"]

1. e4 c5 2. Nc3 Nc6 3. Nf3 e6 4. d3 d5 5. g3 d4 6. Ne2 e5 7. Bg2 Be7 8. 0-0 Be6 9. Ne1 Qd7 10. f4 Bh3 11. Nf3 Bxg2 12. Kxg2 exf4 13. Nxf4 Nf6 14. Qe2 0-0 15. a3 Rae8 16. Bd2 Ng4 17. h3 Nh6 18. Rae1 Bd6 19. Qd1 f5 20. c3 dxc3 21. Qb3+ Kh8 22. bxc3 fxe4 23. dxe4 Re7 24. Qd5 Rfe8 25. Nh5 Ng8 26. Bg5 Rf7 27. Rd1 Re6 28. Nf4 Rxf4 29. gxf4 Rg6 30. Nh4 Nce7 31. Nxg6+ hxg6 32. Qxd6 Qb5 33. Rd3 Qc4 1-0

[Event "Santiago Endesa 10"]
[Site "Santiago de Chile"]
[Date "2008.08.04"]
[Round "9"]
[White "Caceres Vasquez, Sergio"]
[Black "Morales Garcia, Hugo"]
[Result "1-0"]
[WhiteElo "2159"]
[BlackElo "2087"]
[PlyCount "41"]
[EventDate "2008.06.30"]
[EventType "tourn"]
[EventRounds "9"]
[EventCountry "CHI"]
[SourceTitle "EXT 2012"]
[Source "ChessBase"]
[SourceDate "2011.11.24"]
[SourceVersion "1"]
[SourceVersionDate "2011.11.24"]
[SourceQuality "1"]

1. d4 Nf6 2. c4 e6 3. Nc3 c5 4. d5 exd5 5. cxd5 d6 6. e4 g6 7. f4 Bg7 8. Nf3 0-0 9. Be2 Re8 10. Nd2 Na6 11. 0-0 Nc7 12. a4 Na6 13. Bf3 Nb4 14. Nc4 Re7 15. e5 Ne8 16. Ne4 dxe5 17. d6 Rd7 18. fxe5 Nc6 19. Bg5 f6 20. exf6 Nxf6 21. Bxf6 1-0

[Event "Santiago Endesa Interempresas tt-A"]
[Site "Santiago de Chile"]
[Date "2008.07.22"]
[Round "1"]
[White "Andueza Quezada, Danilo"]
[Black "Morales Garcia, Hugo"]
[Result "1-0"]
[WhiteElo "2176"]
[BlackElo "2087"]
[PlyCount "97"]
[EventDate "2008.07.22"]
[EventType "team"]
[EventRounds "11"]
[EventCountry "CHI"]
[SourceTitle "EXT 2012"]
[Source "ChessBase"]
[SourceDate "2011.11.24"]
[SourceVersion "1"]
[SourceVersionDate "2011.11.24"]
[SourceQuality "1"]

1. d4 d5 2. c4 c6 3. Nc3 Nf6 4. e3 g6 5. Nf3 Bg7 6. Be2 0-0 7. 0-0 c5 8. dxc5 dxc4 9. Qa4 Nc6 10. Bxc4 Nd7 11. Qa3 Qa5 12. Qxa5 Nxa5 13. Be2 Nxc5 14. Bd2 Nc6 15. Rfd1 Bf5 16. Be1 Rfd8 17. Rxd8+ Rxd8 18. Rd1 Rxd1 19. Nxd1 Bd3 20. Kf1 Bb1 21. a3 Bc2 22. b4 Ne4 23. b5 Ne5 24. Nd4 Bxd1 25. Bxd1 Nc4 26. a4 e5 27. Nb3 Nb2 28. Bc2 Nd6 29. Bb4 Bf8 30. Nd2 Nbc4 31. Ke2 Nxd2 32. Bxd2 b6 33. Kd3 Nb7 34. Ke4 f6 35. Bb3+ Kg7 36. Kd5 Nc5 37. Bc2 Nb7 38. Kc6 Na5+ 39. Kc7 Nc4 40. Bc3 e4 41. Kb7 Bd6 42. Kxa7 Bxh2 43. Bxe4 Bg1 44. Be1 f5 45. Bc2 Kf6 46. Bb3 Na5 47. Ba2 f4 48. exf4 Kf5 49. Kxb6 1-0

[Event "Santiago Endesa 10"]
[Site "Santiago de Chile"]
[Date "2008.07.21"]
[Round "5"]
[White "Morales Garcia, Hugo"]
[Black "Cuevas Araya, Walter"]
[Result "0-1"]
[WhiteElo "2087"]
[BlackElo "2182"]
[PlyCount "56"]
[EventDate "2008.06.30"]
[EventType "tourn"]
[EventRounds "9"]
[EventCountry "CHI"]
[SourceTitle "EXT 2012"]
[Source "ChessBase"]
[SourceDate "2011.11.24"]
[SourceVersion "1"]
[SourceVersionDate "2011.11.24"]
[SourceQuality "1"]

1. e4 c6 2. Nc3 d5 3. Nf3 dxe4 4. Nxe4 Nd7 5. Bc4 Ngf6 6. Neg5 e6 7. Qe2 Nd5 8. d4 Be7 9. 0-0 h6 10. Ne4 Qc7 11. Bxd5 exd5 12. Nc3 Nf6 13. Ne5 0-0 14. Re1 Bf5 15. g4 Bh7 16. f4 Ne4 17. f5 Bh4 18. Rf1 f6 19. Nd3 Rae8 20. Qg2 Bg5 21. Nf4 Qb6 22. Nce2 Bxf4 23. Rxf4 Rf7 24. Rf3 Rfe7 25. Rb3 Qa6 26. Ra3 Qc4 27. b3 Qxc2 28. Bf4 Nc3 0-1

[Event "Santiago Endesa 07"]
[Site "Santiago de Chile"]
[Date "2008.05.26"]
[Round "3"]
[White "Lopez Silva, Hugo Andres"]
[Black "Morales Garcia, Hugo"]
[Result "1-0"]
[WhiteElo "2394"]
[BlackElo "2087"]
[PlyCount "115"]
[EventDate "2008.05.19"]
[EventType "tourn"]
[EventRounds "9"]
[EventCountry "CHI"]
[SourceTitle "EXT 2012"]
[Source "ChessBase"]
[SourceDate "2011.11.24"]
[SourceVersion "1"]
[SourceVersionDate "2011.11.24"]
[SourceQuality "1"]

1. e4 c5 2. Nf3 e6 3. d4 cxd4 4. Nxd4 Nf6 5. Nc3 d6 6. Be3 Be7 7. g4 Nc6 8. g5 Nd7 9. h4 a6 10. Qd2 Qc7 11. 0-0-0 Nce5 12. Qe2 Nb6 13. Kb1 Bd7 14. f4 Nec4 15. Bc1 Rc8 16. Rd3 0-0 17. f5 Ne5 18. Rg3 d5 19. fxe6 fxe6 20. Bh3 Ng6 21. Rd3 Qe5 22. exd5 exd5 23. Bxd7 Nxd7 24. Qg4 Nc5 25. Re3 Qd6 26. Nf5 Qd8 27. Rd1 Rxf5 28. Qxf5 Nxh4 29. Qg4 Ng6 30. Nxd5 Bd6 31. Nb6 Rc6 32. Qc4+ Kh8 33. Qf7 Qg8 34. Re8 Bf8 35. Qxg8+ Kxg8 36. Nd7 Kf7 37. Rxf8+ Nxf8 38. Ne5+ Ke6 39. Nxc6 bxc6 40. Rd8 Ke7 41. Rc8 Nfe6 42. Rxc6 Kd7 43. Rb6 Kc7 44. Rb4 Kc6 45. Rh4 Nf8 46. b4 Na4 47. Bb2 g6 48. Bg7 Ne6 49. Rxh7 Nxg5 50. Rh6 Ne4 51. Rxg6+ Kb5 52. a3 Nd2+ 53. Ka2 Nb6 54. Bh6 Ne4 55. Kb3 a5 56. c4+ Ka6 57. c5 a4+ 58. Kc2 1-0

[Event "Santiago Endesa 04"]
[Site "Santiago de Chile"]
[Date "2008.04.28"]
[Round "10"]
[White "Jorquera Cahuin, Marcelo Joaquin"]
[Black "Morales Garcia, Hugo"]
[Result "1/2-1/2"]
[WhiteElo "2310"]
[BlackElo "2087"]
[PlyCount "76"]
[EventDate "2008.04.07"]
[EventType "tourn"]
[EventRounds "11"]
[EventCountry "CHI"]
[SourceTitle "EXT 2012"]
[Source "ChessBase"]
[SourceDate "2011.11.24"]
[SourceVersion "1"]
[SourceVersionDate "2011.11.24"]
[SourceQuality "1"]

1. e4 c5 2. Nc3 Nc6 3. g3 g6 4. Bg2 Bg7 5. d3 e6 6. Be3 Qa5 7. Qd2 h5 8. h3 Nge7 9. Nge2 Nd4 10. 0-0 Nxe2+ 11. Qxe2 Bxc3 12. bxc3 Qxc3 13. f4 Nc6 14. Qf2 Nd4 15. Rab1 d6 16. Bxd4 Qxd4 17. Qxd4 cxd4 18. e5 dxe5 19. fxe5 0-0 20. Rb4 Rd8 21. Rf4 Kf8 22. Rfxd4 Rxd4 23. Rxd4 Ke7 24. Rc4 Kd8 25. Rd4+ Ke7 26. Rc4 Kd8 27. Kf2 a5 28. Rd4+ Ke7 29. Rd6 f6 30. d4 a4 31. Rb6 fxe5 32. dxe5 Ra5 33. Bxb7 Bd7 34. Be4 g5 35. Rb7 Kd8 36. Rb8+ Ke7 37. Rb7 Kd8 38. Rb8+ Ke7 1/2-1/2

[Event "Santiago Endesa 11"]
[Site "Santiago de Chile"]
[Date "2007.11.??"]
[Round "7"]
[White "Diaz, Robert"]
[Black "Morales Garcia, Hugo"]
[Result "1-0"]
[WhiteElo "2319"]
[BlackElo "2125"]
[PlyCount "121"]
[EventDate "2007.11.??"]
[EventType "tourn"]
[EventRounds "9"]
[EventCountry "CHI"]
[SourceTitle "EXT 2008"]
[Source "ChessBase"]
[SourceDate "2007.11.25"]
[SourceVersion "1"]
[SourceVersionDate "2007.11.25"]
[SourceQuality "1"]

1. e4 e5 2. Nf3 Nc6 3. Nc3 Nf6 4. g3 Bc5 5. Bg2 d6 6. h3 h6 7. d3 Be6 8. Na4 Qd7 9. Nxc5 dxc5 10. b3 Qd6 11. 0-0 g5 12. Bb2 0-0-0 13. Qd2 Ng8 14. Nxe5 Nxe5 15. f4 gxf4 16. gxf4 f6 17. fxe5 fxe5 18. Qc3 Qd4+ 19. Rf2 Ne7 20. Qxd4 cxd4 21. Rf6 Kd7 22. Raf1 Rdg8 23. Kh2 Ng6 24. Bc1 Rh7 25. R1f2 Ke7 26. Ba3+ Kd7 27. Bf1 b6 28. Rg2 Rhg7 29. Bc1 Ke7 30. Rff2 Kd6 31. Rg3 h5 32. Rfg2 h4 33. Rg5 Ke7 34. Be2 Kf6 35. Rf2+ Ke7 36. Bh5 Nf8 37. Rfg2 Kf6 38. Rf2+ Ke7 39. Rfg2 Kf6 40. Rf2+ Ke7 41. Rxg7+ Rxg7 42. Bh6 Rg8 43. Be2 Nh7 44. Bd2 Rg3 45. Rf3 Rg6 46. Be1 Rh6 47. Bf1 Nf6 48. c3 c5 49. cxd4 exd4 50. Bd2 Rg6 51. Rf4 Nd7 52. Rxh4 Ne5 53. Be2 Rg7 54. Rh5 Kf6 55. Be1 Ng6 56. Bg3 a5 57. h4 a4 58. bxa4 Ra7 59. Bd1 b5 60. Rxc5 bxa4 61. h5 1-0

[Event "CHI-chT"]
[Site "Santiago de Chile"]
[Date "2007.10.23"]
[Round "2"]
[White "Lopez Silva, Hugo Andres"]
[Black "Morales Garcia, Hugo"]
[Result "1-0"]
[WhiteElo "2394"]
[BlackElo "2087"]
[PlyCount "45"]
[EventDate "2007.10.16"]
[EventType "team-tourn"]
[EventRounds "9"]
[EventCountry "CHI"]
[SourceTitle "EXT 2012"]
[Source "ChessBase"]
[SourceDate "2011.11.24"]
[SourceVersion "1"]
[SourceVersionDate "2011.11.24"]
[SourceQuality "1"]

1. e4 e5 2. Nf3 Nc6 3. Bc4 Nf6 4. d4 exd4 5. e5 Ne4 6. 0-0 Be7 7. Re1 d5 8. exd6 Nxd6 9. Bd5 Nf5 10. Bxc6+ bxc6 11. Ne5 Qd5 12. c4 Qd6 13. Qf3 Bd7 14. g4 Qb4 15. Bd2 Qxb2 16. Nxd7 Kxd7 17. Qxf5+ Kd8 18. Qxf7 Re8 19. Bg5 Qxa1 20. Bxe7+ Rxe7 21. Qxe7+ Kc8 22. Qf8+ Kb7 23. Qb4+ 1-0

[Event "Santiago Endesa 07"]
[Site "Santiago de Chile"]
[Date "2007.07.??"]
[Round "5"]
[White "Carrasco Miranda, Andres"]
[Black "Morales Garcia, Hugo"]
[Result "0-1"]
[WhiteElo "2123"]
[BlackElo "2125"]
[PlyCount "33"]
[EventDate "2007.07.??"]
[EventType "tourn"]
[EventRounds "9"]
[EventCountry "CHI"]
[SourceTitle "EXT 2008"]
[Source "ChessBase"]
[SourceDate "2007.11.25"]
[SourceVersion "1"]
[SourceVersionDate "2007.11.25"]
[SourceQuality "1"]

1. d4 Nf6 2. Nf3 b5 3. g3 Bb7 4. Bg2 e6 5. 0-0 Be7 6. Re1 d5 7. Qd3 a6 8. a4 b4 9. Bg5 Nbd7 10. c4 h6 11. cxd5 exd5 12. Bxf6 Nxf6 13. Nbd2 Ne4 14. Ne5 Nxd2 15. Qxd2 0-0 16. Rac1 Bd6 17. Nd3 0-1

[Event "Santiago Endesa 07"]
[Site "Santiago de Chile"]
[Date "2007.07.??"]
[Round "3"]
[White "Martinez Guajardo, Eric"]
[Black "Morales Garcia, Hugo"]
[Result "1/2-1/2"]
[WhiteElo "2079"]
[BlackElo "2125"]
[PlyCount "61"]
[EventDate "2007.07.??"]
[EventType "tourn"]
[EventRounds "9"]
[EventCountry "CHI"]
[SourceTitle "EXT 2008"]
[Source "ChessBase"]
[SourceDate "2007.11.25"]
[SourceVersion "1"]
[SourceVersionDate "2007.11.25"]
[SourceQuality "1"]

1. e4 c5 2. d4 cxd4 3. c3 dxc3 4. Nxc3 Nc6 5. Nf3 d6 6. Bc4 e6 7. 0-0 Nf6 8. Qe2 a6 9. a4 Qc7 10. Be3 Ng4 11. Bf4 Nge5 12. Nxe5 dxe5 13. Be3 Nd4 14. Qd3 Bc5 15. Rfc1 0-0 16. Ba2 Rd8 17. Qc4 Bb6 18. b4 Qxc4 19. Bxc4 Ba7 20. Bg5 f6 21. Be3 Bd7 22. Kf1 Rac8 23. Ne2 Kf7 24. Nxd4 exd4 25. Bd2 Ke7 26. Ke2 e5 27. Bb3 d3+ 28. Ke1 Be6 29. Bd1 Rd4 30. Rxc8 Bxc8 31. Rc1 1/2-1/2

[Event "Santiago Endesa 07"]
[Site "Santiago de Chile"]
[Date "2007.07.??"]
[Round "6"]
[White "Morales Garcia, Hugo"]
[Black "Caceres Vasquez, Sergio"]
[Result "1/2-1/2"]
[WhiteElo "2125"]
[BlackElo "2179"]
[PlyCount "90"]
[EventDate "2007.07.??"]
[EventType "tourn"]
[EventRounds "9"]
[EventCountry "CHI"]
[SourceTitle "EXT 2008"]
[Source "ChessBase"]
[SourceDate "2007.11.25"]
[SourceVersion "1"]
[SourceVersionDate "2007.11.25"]
[SourceQuality "1"]

1. e4 c5 2. Nf3 e6 3. d3 d5 4. Nbd2 Nc6 5. g3 Bd6 6. Bg2 Nge7 7. Nh4 0-0 8. f4 f5 9. e5 Bc7 10. c3 b5 11. a4 b4 12. Nb3 Bb6 13. d4 bxc3 14. dxc5 cxb2 15. Bxb2 Bxc5 16. Nxc5 Qa5+ 17. Qd2 Qxc5 18. Ba3 Qc4 19. Kf2 Re8 20. Rhc1 Qa6 21. a5 Qxa5 22. Qxa5 Nxa5 23. Bxe7 Nb3 24. Bd6 Nxa1 25. Rxa1 Bb7 26. Rb1 Bc6 27. Rc1 Bb5 28. Nxf5 exf5 29. Bxd5+ Kh8 30. Bxa8 Rxa8 31. Rc7 a6 32. e6 Re8 33. Be5 Rxe6 34. Bxg7+ Kg8 35. Be5 h6 36. Ke3 Rc6 37. Rg7+ Kf8 38. Rh7 Kg8 39. Rg7+ Kf8 40. h3 Bf1 41. h4 Bc4 42. Kd4 Bf7 43. g4 Rg6 44. Rxg6 Bxg6 45. h5 Bf7 1/2-1/2

[Event "Santiago Endesa 07"]
[Site "Santiago de Chile"]
[Date "2007.07.??"]
[Round "2"]
[White "Morales Garcia, Hugo"]
[Black "Von Dessauer Orellana, Daniel J"]
[Result "0-1"]
[WhiteElo "2125"]
[BlackElo "1995"]
[PlyCount "62"]
[EventDate "2007.07.??"]
[EventType "tourn"]
[EventRounds "9"]
[EventCountry "CHI"]
[SourceTitle "EXT 2008"]
[Source "ChessBase"]
[SourceDate "2007.11.25"]
[SourceVersion "1"]
[SourceVersionDate "2007.11.25"]
[SourceQuality "1"]

1. e4 e6 2. d4 d5 3. e5 c5 4. Nf3 Qb6 5. Bd3 Nc6 6. c3 cxd4 7. cxd4 Bd7 8. 0-0 Nxd4 9. Nxd4 Qxd4 10. Nc3 a6 11. Re1 Qb6 12. Bf4 Qxb2 13. Bd2 Qb6 14. Rb1 Qa7 15. a4 Bc5 16. Qf3 Ne7 17. Rec1 0-0 18. Nd1 f6 19. Qh3 Ng6 20. Rxc5 Qxc5 21. Bb4 Qd4 22. Bxf8 Rxf8 23. Rxb7 Bxa4 24. Qxe6+ Kh8 25. Nb2 fxe5 26. Bf5 Bb5 27. Rf7 Qxb2 28. h3 Qc1+ 29. Kh2 Rxf7 30. Qxf7 Qg5 31. g3 Qf6 0-1

[Event "Santiago Endesa 06"]
[Site "Santiago de Chile"]
[Date "2007.05.09"]
[Round "9"]
[White "Quinones Mena, Jeannette"]
[Black "Morales Garcia, Hugo"]
[Result "1-0"]
[WhiteElo "2056"]
[BlackElo "2125"]
[PlyCount "73"]
[EventDate "2007.04.18"]
[EventType "tourn"]
[EventRounds "9"]
[EventCountry "CHI"]
[SourceTitle "EXT 2008"]
[Source "ChessBase"]
[SourceDate "2007.11.25"]
[SourceVersion "1"]
[SourceVersionDate "2007.11.25"]
[SourceQuality "1"]

1. e4 c5 2. Nf3 d6 3. d4 cxd4 4. Nxd4 Nf6 5. Nc3 e6 6. Bc4 Qc7 7. Bb3 a6 8. f4 Nc6 9. Be3 Bd7 10. f5 Nxd4 11. Bxd4 Be7 12. 0-0 0-0 13. Qf3 b5 14. a3 a5 15. fxe6 fxe6 16. Qh3 Qc8 17. Nxb5 Kh8 18. Bxf6 Bxf6 19. Nc3 a4 20. Ba2 Rb8 21. e5 Qc5+ 22. Kh1 Bxe5 23. Bxe6 Bxe6 24. Qxe6 Rfe8 25. Qd7 Qe3 26. Rf3 Qd2 27. Raf1 h6 28. Qxa4 Bxc3 29. bxc3 Re1 30. h3 Rbb1 31. Qc4 Qxc2 32. Kh2 Re2 33. Rf8+ Kh7 34. Qg8+ Kg6 35. R8f6+ Kh5 36. Qf7+ Kh4 37. R1f4+ 1-0

[Event "Santiago Endesa 06"]
[Site "Santiago de Chile"]
[Date "2007.05.02"]
[Round "6"]
[White "Valdes Escobar, Alvaro Daniel"]
[Black "Morales Garcia, Hugo"]
[Result "1-0"]
[WhiteElo "2303"]
[BlackElo "2125"]
[PlyCount "103"]
[EventDate "2007.04.18"]
[EventType "tourn"]
[EventRounds "9"]
[EventCountry "CHI"]
[SourceTitle "EXT 2008"]
[Source "ChessBase"]
[SourceDate "2007.11.25"]
[SourceVersion "1"]
[SourceVersionDate "2007.11.25"]
[SourceQuality "1"]

1. c4 Nf6 2. Nc3 g6 3. e4 d6 4. d4 Bg7 5. Nf3 0-0 6. Be2 e5 7. 0-0 Nc6 8. d5 Ne7 9. b4 Nh5 10. Re1 f5 11. Ng5 Nf4 12. Bxf4 exf4 13. Rc1 fxe4 14. Ncxe4 a5 15. b5 Nf5 16. Bg4 Be5 17. c5 h6 18. Ne6 Bxe6 19. dxe6 Nd4 20. Bf3 Qe7 21. Nc3 Nxe6 22. Bxb7 Rad8 23. cxd6 cxd6 24. Bd5 Kg7 25. Bxe6 Qxe6 26. Qd5 Qf5 27. Qf3 g5 28. h3 Kg6 29. Nd5 Rf7 30. b6 h5 31. Rc7 g4 32. Rxf7 Kxf7 33. Qb3 Qe6 34. b7 Rb8 35. Rb1 gxh3 36. Nc7 Qxb3 37. Rxb3 d5 38. Na6 Rg8 39. Rxh3 Bb8 40. Rxh5 Ke6 41. Rh6+ Kf5 42. Rc6 f3 43. g3 Ba7 44. Nc5 Rb8 45. Rc8 d4 46. Kf1 Kg4 47. Rxb8 Bxb8 48. Nd7 d3 49. Ke1 Bxg3 50. fxg3 Kxg3 51. b8Q+ Kg2 52. Qb2+ 1-0